Coureur ayant remportés le plus d'étapes en Tour De France - Statistiques

Statistiques générales
  • Ce quiz a été pris 248 fois
  • Le résultat moyen est 6 sur 16
Statistiques - réponses
Nombres d'étapes remportés en TDF Coureur Nationalité % Correct
28 Bernard Hinault Français
94%
34 Eddy Merckx Belge
92%
34 Mark Cavendish Britannique
90%
12 Peter Sagan Slovaque
85%
16 Jacques Anquetil Français
74%
14 Marcel Kittel Allemand
48%
12 Erik Zabel Allemand
40%
22 André Darrigade Français
27%
19 François Faber Luxembourgeois
19%
20 Nicolas Frantz Luxembourgeois
18%
25 André Leducq Français
14%
13 Philippe Thys Belge
12%
15 Freddy Maertens Belge
11%
16 Charles Pélissier Français
9%
17 Jean Alavoine Français
3%
16 René Le Grevès Français
2%
Aucun quiz correspondant
Distribution des résultats
% des personnes avec chaque résultat
Percentile par nombre de réponses
Votre historique - résultats
Vous n’avez pas pris ce quiz